<?xml version="1.0" encoding="UTF-8"?>
<collection xmlns="http://www.loc.gov/MARC21/slim">
 <record>
  <leader>07220nam a2200385 a 4500</leader>
  <controlfield tag="001">kal1161</controlfield>
  <controlfield tag="003">Gr-AtHEAL</controlfield>
  <controlfield tag="005">20160427101323.0</controlfield>
  <controlfield tag="006">m        d        </controlfield>
  <controlfield tag="008">160413s2015    gr      s           gre|c</controlfield>
  <datafield tag="020" ind1=" " ind2=" ">
   <subfield code="a">9789606033988</subfield>
  </datafield>
  <datafield tag="040" ind1=" " ind2=" ">
   <subfield code="a">GR-AtHEAL</subfield>
   <subfield code="b">gre</subfield>
   <subfield code="c">GR-AtHEAL</subfield>
  </datafield>
  <datafield tag="082" ind1="0" ind2="4">
   <subfield code="a">658.4</subfield>
   <subfield code="2">23</subfield>
  </datafield>
  <datafield tag="100" ind1="1" ind2=" ">
   <subfield code="a">Σταλίδης, Γεώργιος.</subfield>
   <subfield code="8">680</subfield>
  </datafield>
  <datafield tag="245" ind1="1" ind2="0">
   <subfield code="a">Διαχείριση δεδομένων και επιχειρηματική ευφυΐα</subfield>
   <subfield code="h">[Ηλεκτρονικός πόρος] </subfield>
   <subfield code="b">Θεωρία και εφαρμογές για στελέχη επιχειρήσεων</subfield>
   <subfield code="c">Σταλίδης, Γεώργιος ; Καρδαράς, Δημήτριος ; Κριτικός αναγνώστης,Διαμαντάρας, Κωνσταντίνος ; Γραφιστική επιμέλεια,Τριανταφύλλου, Σωτήριος.</subfield>
  </datafield>
  <datafield tag="260" ind1=" " ind2=" ">
   <subfield code="a">Αθήνα :</subfield>
   <subfield code="b">Σύνδεσμος Ελληνικών Ακαδημαϊκών Βιβλιοθηκών,</subfield>
   <subfield code="c">c2015.</subfield>
  </datafield>
  <datafield tag="490" ind1=" " ind2=" ">
   <subfield code="a">Ακαδημαϊκά Ηλεκτρονικά Συγγράμματα και Βοηθήματα Κάλλιπος</subfield>
   <subfield code="8">40</subfield>
  </datafield>
  <datafield tag="505" ind1="0" ind2=" ">
   <subfield code="a">Κεφάλαιο 1. Εισαγωγή στην βασιμένη σε δεδομένα επιχειρηματική ευφυϊα&lt;br/&gt;Κεφάλαιο 2. Δεδομένα και πληροφορίες&lt;br/&gt;Κεφάλαιο 3. Το σχεσιακό μοντέλο Βάσεων Δεδομένων&lt;br/&gt;Κεφάλαιο 4. Σχεδιασμός και υλοποίηση μιας σχεσιακής βάσης δεδομένων&lt;br/&gt;Κεφάλαιο 5. Μετατροπή των δεδομένων σε πληροφορία&lt;br/&gt;Κεφάλαιο 6. Μέθοδοι εξόρυξης γνώσης από δεδομένα&lt;br/&gt;Κεφάλαιο 7. Εφαρμογές επιχειρηματικής ευφυΐας&lt;br/&gt;Κεφάλαιο 8. Μοντελοποίηση Γνώσης και Βάσεις Γνώσης&lt;br/&gt;Κεφάλαιο 9. Συστήματα συστάσεων (Recommender systems)</subfield>
  </datafield>
  <datafield tag="520" ind1=" " ind2=" ">
   <subfield code="a">Το βιβλίο απευθύνεται σε προπτυχιακούς φοιτητές διοίκησης επιχειρήσεων ή/και μάρκετινγκ και καλύπτει δύο βασικές αλληλένδετες μεταξύ τους γνωστικές περιοχές της πληροφορικής. Στο πρώτο μέρος του το βιβλίο περιλαμβάνει τις βασικές αρχές βάσεων δεδομένων και ειδικότερα θέματα συλλογής και αξιολόγησης δεδομένων σε περιβάλλον επιχειρήσεων. Στο δεύτερο μέρος εισάγει τους αναγνώστες στα θέματα επιχειρηματικής ευφυΐας όπως εξόρυξη γνώσης από δεδομένα, επεξεργασία και ανάλυση δεδομένων, μοντέλα πρόβλεψης, αναπαράσταση γνώσης και στήριξη αποφάσεων. Σκοπός του βιβλίου συνολικά είναι η εξοικείωση, μέσω εύληπτης θεωρίας και πρακτικών εφαρμογών, με τα σύγχρονα εργαλεία συλλογής και ανάλυσης δεδομένων, της εξαγωγής γνώσης και της αποτελεσματικής χρήσης της γνώσης αυτής στην επίλυση προβλημάτων. Παρουσιάζονται εφαρμογές όπως πρόβλεψη συμπεριφοράς καταναλωτών, επιλογή αγοράς στόχου, τοποθέτηση προϊόντων, μέτρηση της αποτελεσματικότητας ενεργειών προώθησης, εντοπισμός ευκαιριών διασταυρωμένων πωλήσεων, κ.α. Εξετάζονται επίσης μέθοδοι υποστήριξης αποφάσεων βασισμένες σε γνώση και παρουσιάζονται τεχνολογίες δημιουργίας μοντέλων επεξήγησης ή πρόβλεψης για την επίλυση επιχειρηματικών προβλημάτων, όπως εξεύρεση καταναλωτικών προτύπων, μέτρηση πιστότητας πελατών και προσδιορισμός των παραγόντων που την επηρεάζουν. Το σύγγραμμα θα είναι προσαρμοσμένο στις ανάγκες ενός προπτυχιακού φοιτητή διοίκησης επιχειρήσεων και θα διαφέρει τόσο από συγγράμματα για πληροφορικούς ή μηχανικούς (που εμβαθύνουν στη θεωρητική θεμελίωση), όσο και από πρακτικούς οδηγούς χρήσης λογισμικού. Θα παρέχονται στοιχεία θεωρίας που θα επαρκούν στην κατανόηση των βασικών αρχών και τρόπου σκέψης που απαιτείται για την επίλυση τυπικών (αλλά όχι τυποποιημένων) προβλημάτων, αλλά θα περιλαμβάνονται και εφόδια πρακτικής εφαρμογής. Επίσης το σύγγραμμα διαχωρίζεται από βιβλία που περιορίζονται στην παρουσίαση συστημάτων ή στη συζήτηση περιπτώσεων αλλά καθοδηγεί τον αναγνώστη στο να επιλύει το ίδιος πραγματικά προβλήματα.</subfield>
  </datafield>
  <datafield tag="650" ind1=" " ind2="0">
   <subfield code="a">Business intelligence</subfield>
   <subfield code="8">2641</subfield>
  </datafield>
  <datafield tag="653" ind1=" " ind2=" ">
   <subfield code="a">Πληροφοριακά συστήματα μάρκετινγκ</subfield>
  </datafield>
  <datafield tag="653" ind1=" " ind2=" ">
   <subfield code="a">Βάσεις δεδομένων</subfield>
  </datafield>
  <datafield tag="653" ind1=" " ind2=" ">
   <subfield code="a">Αναλυτική επεξεργασία δεδομένων</subfield>
  </datafield>
  <datafield tag="653" ind1=" " ind2=" ">
   <subfield code="a">Επιχειρηματική ευφυΐα</subfield>
  </datafield>
  <datafield tag="653" ind1=" " ind2=" ">
   <subfield code="a">Εξαγωγή γνώσης</subfield>
  </datafield>
  <datafield tag="653" ind1=" " ind2=" ">
   <subfield code="a">Επιστήμη υπολογιστών/Πληροφορική</subfield>
   <subfield code="a">Ευφυή συστήματα</subfield>
   <subfield code="a">Βασική αναπαράσταση γνώσης και συλλογιστική</subfield>
  </datafield>
  <datafield tag="653" ind1=" " ind2=" ">
   <subfield code="a">Επιστήμη υπολογιστών/Πληροφορική</subfield>
   <subfield code="a">Διαχείριση πληροφορίας</subfield>
   <subfield code="a">Εξόρυξη δεδομένων</subfield>
  </datafield>
  <datafield tag="653" ind1=" " ind2=" ">
   <subfield code="a">Επιστήμη υπολογιστών/Πληροφορική</subfield>
   <subfield code="a">Διαχείριση πληροφορίας</subfield>
   <subfield code="a">Συστήματα βάσεων δεδομένων</subfield>
  </datafield>
  <datafield tag="700" ind1="1" ind2=" ">
   <subfield code="a">Καρδαράς, Δημήτριος</subfield>
   <subfield code="e">Συγγραφέας</subfield>
   <subfield code="8">681</subfield>
  </datafield>
  <datafield tag="700" ind1="1" ind2=" ">
   <subfield code="a">Διαμαντάρας, Κωνσταντίνος</subfield>
   <subfield code="e">Κριτικός αναγνώστης</subfield>
   <subfield code="8">682</subfield>
  </datafield>
  <datafield tag="856" ind1="4" ind2="0">
   <subfield code="u">http://hdl.handle.net/11419/1161</subfield>
   <subfield code="z">Πλήρες Κείμενο - Full text</subfield>
  </datafield>
  <datafield tag="907" ind1=" " ind2=" ">
   <subfield code="a">.b25678139</subfield>
   <subfield code="b">12-06-18</subfield>
   <subfield code="c">29-07-16</subfield>
  </datafield>
  <datafield tag="949" ind1=" " ind2=" ">
   <subfield code="0">0</subfield>
   <subfield code="1">0</subfield>
   <subfield code="2">ddc</subfield>
   <subfield code="4">0</subfield>
   <subfield code="6">658_400000000000000_ΣΤΑ</subfield>
   <subfield code="7">0</subfield>
   <subfield code="8">KALL</subfield>
   <subfield code="8">572</subfield>
   <subfield code="d">2016-04-13</subfield>
   <subfield code="r">2016-04-13</subfield>
   <subfield code="w">2016-04-13</subfield>
   <subfield code="z">658.4 ΣΤΑ</subfield>
   <subfield code="o">SEAB KALLIPOS</subfield>
  </datafield>
  <datafield tag="998" ind1=" " ind2=" ">
   <subfield code="a">80</subfield>
   <subfield code="a">01</subfield>
   <subfield code="a">02</subfield>
   <subfield code="a">03</subfield>
   <subfield code="a">04</subfield>
   <subfield code="a">05</subfield>
   <subfield code="a">06</subfield>
   <subfield code="a">07</subfield>
   <subfield code="a">08</subfield>
   <subfield code="a">09</subfield>
   <subfield code="a">10</subfield>
   <subfield code="a">11</subfield>
   <subfield code="a">12</subfield>
   <subfield code="a">13</subfield>
   <subfield code="a">14</subfield>
   <subfield code="a">15</subfield>
   <subfield code="a">16</subfield>
   <subfield code="a">17</subfield>
   <subfield code="a">18</subfield>
   <subfield code="a">19</subfield>
   <subfield code="a">20</subfield>
   <subfield code="a">21</subfield>
   <subfield code="a">22</subfield>
   <subfield code="a">23</subfield>
   <subfield code="a">24</subfield>
   <subfield code="a">25</subfield>
   <subfield code="a">26</subfield>
   <subfield code="b">11-05-17</subfield>
   <subfield code="c">m</subfield>
   <subfield code="d">z  </subfield>
   <subfield code="e">-</subfield>
   <subfield code="f">gre</subfield>
   <subfield code="g">gr </subfield>
   <subfield code="h">0</subfield>
  </datafield>
  <datafield tag="942" ind1=" " ind2=" ">
   <subfield code="2">ddc</subfield>
   <subfield code="c">KALLIPOS</subfield>
  </datafield>
 </record>
</collection>
